Buniyadi bidyaloiar shikshak sarathi (Record no. 2202)

MARC details
000 -LEADER
fixed length control field 00491cam a2200193ua 4500
001 - CONTROL NUMBER
control field 2346
005 - DATE AND TIME OF LATEST TRANSACTION
control field 20260515113457.0
008 - FIXED-LENGTH DATA ELEMENTS--GENERAL INFORMATION
fixed length control field 110805n ii |||gr||||Z||||||asm
040 ## - CATALOGING SOURCE
Transcribing agency MAIN
082 ## - DEWEY DECIMAL CLASSIFICATION NUMBER
Classification number 371.1
100 ## - MAIN ENTRY--PERSONAL NAME
Personal name Borah, Nirmala,
Relator term Author.
245 1# - TITLE STATEMENT
Title Buniyadi bidyaloiar shikshak sarathi
Statement of responsibility, etc. ed. by Nirmala Borah
250 ## - EDITION STATEMENT
Edition statement 1st.
260 ## - PUBLICATION, DISTRIBUTION, ETC.
Place of publication, distribution, etc. Shillong:
Name of publisher, distributor, etc. [s.n]962.
300 ## - PHYSICAL DESCRIPTION
Extent 147p:9cm.
653 ## - INDEX TERM--UNCONTROLLED
Uncontrolled term Education
653 ## - INDEX TERM--UNCONTROLLED
Uncontrolled term Buniyadi bidyaloiar shikshak sarathi
942 ## - ADDED ENTRY ELEMENTS (KOHA)
Koha item type Books
Holdings
Withdrawn status Lost status Damaged status Not for loan Home library Current library Shelving location Date acquired Total checkouts Full call number Barcode Date last seen Copy number Price effective from Koha item type
        Naharkatiya College Library Naharkatiya College Library General stacks 09/19/2020   371.1 | BOR 7865 09/19/2020 1 09/19/2020 Books